| 000 | 01800nam a22004217a 4500 | ||
|---|---|---|---|
| 003 | OSt | ||
| 005 | 20230628125151.0 | ||
| 008 | 221006b |||||||| |||| 00| 0 eng d | ||
| 040 | _cBiblioteca Lado V | ||
| 082 |
_a709.05 _bE61n |
||
| 100 |
_9859 _aEnwezor, Okwui _eeditor |
||
| 245 |
_aNika/ _bJournal Contemporary African Art/ |
||
| 260 |
_aAfrica _bFundación Prince Claus _c2004 |
||
| 300 |
_c23x20.5cm _a96p. |
||
| 366 | _espa | ||
| 490 |
_a19 _v2004 |
||
| 505 | _aEDITOR´S LETTER | ||
| 505 | _aFRED WILSON´S BLACK VENEZIA: FICTITIOUS HISTORIES AND THE NOTION OF ¨TRUTH¨ | ||
| 505 | _aTHE PAULDING AVENUE TRILOGY: INTERVIEW WITH THOMAS ALLEN HARRIS | ||
| 505 | _aTRACEY ROSE: POSTAPARTHEID PLAYGROUND | ||
| 505 | _aGEORGES ADEAGBO´S VOICES OF SILENCE | ||
| 505 | _aUNTIMELY MEDI TATIONS: REFLECTIONS ON THE BLACK AUDIO FILM COLLECTIVE | ||
| 505 | _aTHE MEDIA AND THE MODERN MOVEMENT IN NIGERIA AND THE GOLD COAST | ||
| 505 | _aIMAGINED HISTORY: TERRY ADKINS | ||
| 505 | _aA CINE NOMAD IN PARIS: INTERVIEW WITH ABDERRAHMANE SISSAKO | ||
| 505 | _aCHRIS OFILI´S WITHIN REACH: REFASHIONING THE ISLAND(S) OR THE FANTASY OF AFROLAND? | ||
| 505 | _aTHINKING WISHFULLY: THE 8TH BIENAL DE LA HABANA CUBA | ||
| 505 | _aA SAINT IN THE CITY: SUFI ARTS OF URBAN SENEGAL | ||
| 505 | _aBLACK BELT: THE STUDIO MUSEUM IN HARLEM | ||
| 505 | _aJOBURG INTERSECTIONS | ||
| 650 |
_2Tesauro de Arte & Arquitectura _aARTE CONTEMPORANEO _9703 |
||
| 650 |
_2Tesauro de Arte & Arquitectura _aAUDIO _9702 |
||
| 650 |
_2Tesauro de Arte & Arquitectura _aMUSICA _9702 |
||
| 650 |
_2Tesauro de Arte & Arquitectura _aHISTORIA |
||
| 650 |
_2Tesauro de Arte & Arquitectura _aMUSEOS |
||
| 651 |
_2Tesauro de Arte & Arquitectura _aAFRICA |
||
| 942 |
_2ddc _c1 _h709.05 _iE61n _n0 |
||
| 999 |
_c3951 _d3951 |
||